[Event "9th Aeroflot Open A"]
[Site "Moscow RUS"]
[Date "2010.02.09"]
[Round "1"]
[White "Andriasian,Z"]
[Black "Vachier Lagrave,M"]
[Result "1/2-1/2"]
[WhiteElo "2613"]
[BlackElo "2730"]
[EventDate "2010.02.09"]

1. e4 c5 2. Nf3 d6 3. d4 cxd4 4. Nxd4 Nf6 5. Nc3 a6 6. Bg5 e6 7. f4 Qc7 8.
Bxf6 gxf6 9. Qd2 Nc6 10. O-O-O Bd7 11. Kb1 O-O-O 12. Bc4 Rg8 13. Nxc6 Qxc6
14. Bb3 f5 15. exf5 Rxg2 16. Qd3 Rf2 17. fxe6 fxe6 18. Ne4 Rxf4 19. Nxd6+
Bxd6 20. Qxd6 Qxd6 21. Rxd6 Kc7 1/2-1/2

[Event "9th Aeroflot Open A"]
[Site "Moscow RUS"]
[Date "2010.02.09"]
[Round "1"]
[White "Shabalov,A"]
[Black "Motylev,A"]
[Result "0-1"]
[WhiteElo "2611"]
[BlackElo "2697"]
[EventDate "2010.02.09"]

1. e4 e5 2. Nf3 Nf6 3. d4 Nxe4 4. dxe5 d5 5. Nbd2 Nc5 6. a3 a5 7. Be2 Be7
8. O-O O-O 9. Re1 f6 10. exf6 Bxf6 11. Nf1 Bf5 12. Nd4 Bg6 13. Be3 a4 14.
Ng3 Nbd7 15. c4 Nb6 16. cxd5 Nxd5 17. Bc4 Kh8 18. Qg4 Nxe3 19. fxe3 Qe7 20.
Rad1 Rae8 21. Ndf5 Bxf5 22. Nxf5 Qe4 23. Qxe4 Rxe4 24. Bd5 Re5 25. Ng3 Rd8
26. e4 Ree8 27. e5 Rxe5 0-1

[Event "9th Aeroflot Open A"]
[Site "Moscow RUS"]
[Date "2010.02.09"]
[Round "1"]
[White "Kamsky,G"]
[Black "Sjugirov,S"]
[Result "1/2-1/2"]
[WhiteElo "2693"]
[BlackElo "2610"]
[EventDate "2010.02.09"]

1. g3 d5 2. Bg2 Nf6 3. f4 g6 4. Nf3 Bg7 5. O-O O-O 6. d3 c5 7. Qe1 d4 8.
Na3 Nc6 9. Bd2 Nd5 10. c3 e5 11. Nxe5 Nxe5 12. fxe5 Bxe5 13. Nc2 Be6 14. c4
Ne7 15. b4 cxb4 16. Nxb4 Qd7 17. Bf4 Bg7 18. Rf2 h6 19. Rb1 Rac8 20. a4
Rfe8 21. a5 Rc5 22. Qc1 g5 23. Bd2 Rxa5 24. Bxb7 Re5 25. Bh1 Bg4 26. c5 a5
27. Na6 Nd5 28. c6 Qd6 29. Bxd5 Rxd5 30. Rb7 Be6 31. Nc7 Rc5 32. Qb1 Rf8
33. Nxe6 Qxe6 34. c7 Rc8 35. Rb8 R5xc7 36. Bxa5 1/2-1/2

[Event "9th Aeroflot Open A"]
[Site "Moscow RUS"]
[Date "2010.02.09"]
[Round "1"]
[White "Khairullin,I"]
[Black "Volokitin,And"]
[Result "1/2-1/2"]
[WhiteElo "2605"]
[BlackElo "2692"]
[EventDate "2010.02.09"]

1. c4 f5 2. d4 Nf6 3. g3 g6 4. Bg2 Bg7 5. Nf3 O-O 6. O-O d6 7. Nc3 Qe8 8.
d5 a5 9. Ne1 Na6 10. Nd3 Bd7 11. Bd2 b6 12. Re1 Qf7 13. e3 g5 14. f4 h6 15.
a3 Nc5 16. Nxc5 bxc5 17. a4 Ra6 18. Qc2 c6 19. Rad1 cxd5 20. cxd5 Rb6 21.
Nb5 gxf4 22. exf4 1/2-1/2

[Event "9th Aeroflot Open A"]
[Site "Moscow RUS"]
[Date "2010.02.09"]
[Round "1"]
[White "Naiditsch,A"]
[Black "Ehlvest,J"]
[Result "1/2-1/2"]
[WhiteElo "2687"]
[BlackElo "2600"]
[EventDate "2010.02.09"]

1. e4 e5 2. Nf3 Nc6 3. Bb5 Bc5 4. O-O Nd4 5. Nxd4 Bxd4 6. c3 Bb6 7. d4 c6
8. Ba4 d6 9. Na3 Nf6 10. Bg5 h6 11. Bxf6 Qxf6 12. d5 Bd7 13. Nc4 Bc7 14.
Qd3 O-O 15. dxc6 bxc6 16. Rad1 Rfd8 17. Ne3 h5 18. b4 a6 19. Kh1 Qf4 20. f3
h4 21. Rd2 g6 22. Qe2 Kg7 23. Rfd1 f5 24. Bc2 Be6 25. c4 Rab8 26. a3 Bb6
27. Rxd6 Rxd6 28. Rxd6 Bxe3 29. Rxe6 Rd8 30. Bd3 Bb6 31. g3 Qc1+ 32. Qf1
Qe3 33. c5 Bxc5 34. bxc5 Rxd3 35. exf5 gxf5 36. Rxe5 Qxf3+ 37. Qxf3 1/2-1/2

[Event "9th Aeroflot Open A"]
[Site "Moscow RUS"]
[Date "2010.02.09"]
[Round "1"]
[White "Zhou Weiqi"]
[Black "Sargissian,G"]
[Result "1/2-1/2"]
[WhiteElo "2600"]
[BlackElo "2680"]
[EventDate "2010.02.09"]

1. Nf3 Nf6 2. c4 e6 3. d4 d5 4. Nc3 dxc4 5. e4 Bb4 6. Bxc4 Nxe4 7. O-O Nxc3
8. bxc3 Be7 9. Ne5 O-O 10. Qg4 Nc6 11. Bh6 Bf6 12. Rad1 Ne7 13. Rfe1 Ng6
14. Bc1 c5 15. Qh5 Bxe5 16. dxe5 Qh4 17. Qxh4 Nxh4 18. Bg5 Ng6 19. h4
1/2-1/2

[Event "9th Aeroflot Open A"]
[Site "Moscow RUS"]
[Date "2010.02.09"]
[Round "1"]
[White "Moiseenko,A1"]
[Black "Romanov,E"]
[Result "1/2-1/2"]
[WhiteElo "2677"]
[BlackElo "2599"]
[EventDate "2010.02.09"]

1. d4 Nf6 2. c4 e6 3. Nf3 d5 4. Nc3 dxc4 5. e4 Bb4 6. Bg5 c5 7. Bxc4 cxd4
8. Nxd4 Qa5 9. Bd2 Qc5 10. Bb5+ Nbd7 11. Nb3 Qb6 12. O-O Bxc3 13. Bxd7+
Bxd7 14. Bxc3 Nxe4 15. Bxg7 Rg8 16. Bd4 Qb5 17. Be3 Bc6 18. f3 Nf6 19. Qc2
Nd5 20. Bd2 Rg6 21. Rf2 Qa4 22. Re1 Nf4 23. Bxf4 Qxf4 24. Nc5 Qd4 25. Rd1
Qe3 26. Rd3 Qe1+ 27. Rf1 Qh4 28. Rfd1 Rc8 29. Ne4 Kf8 30. b4 a6 31. a4 Ra8
32. Rd4 Qe7 33. Kh1 e5 34. R4d2 Qxb4 35. Nc5 Kg7 36. Rb1 Qf4 37. Qc3 Rc8
38. Nd3 Qxf3 39. Qxe5+ Qf6 40. Rf2 Qxe5 41. Nxe5 Rf6 42. Rxf6 Kxf6 43. Nxc6
Rxc6 44. Kg1 b6 45. Kf2 Ke5 46. Ke3 Rg6 47. g3 Rh6 48. Rb4 Kd5 49. Kd3 f5
50. Rd4+ Kc6 51. Rc4+ Kb7 52. Rf4 Rxh2 53. Rxf5 Ra2 54. Rf4 Kc6 55. Rh4 Kc5
56. Kc3 Ra3+ 57. Kb2 Rxg3 58. Rxh7 Rd3 59. Ra7 a5 60. Rh7 1/2-1/2

[Event "9th Aeroflot Open A"]
[Site "Moscow RUS"]
[Date "2010.02.09"]
[Round "1"]
[White "Smirin,I"]
[Black "Lenic,L"]
[Result "1/2-1/2"]
[WhiteElo "2668"]
[BlackElo "2595"]
[EventDate "2010.02.09"]

1. e4 e5 2. Nf3 Nc6 3. Bb5 a6 4. Ba4 Nf6 5. O-O b5 6. Bb3 Bc5 7. c3 d6 8.
d4 Bb6 9. Be3 O-O 10. Nbd2 h6 11. h3 Re8 12. Re1 Bb7 13. d5 Na5 14. Bxb6
cxb6 15. Bc2 Nc4 16. Rb1 Rc8 17. Bd3 Rc7 18. a4 Nxd2 19. Nxd2 bxa4 20. Qxa4
Nd7 21. Qa3 Qe7 22. Nc4 Rc5 23. b4 Rc7 24. b5 Rxc4 25. Bxc4 a5 26. Bf1 Nc5
27. c4 Bc8 28. Qe3 Rf8 29. Ra1 Qh4 30. Ra3 Bd7 31. Kh2 f5 32. exf5 Bxf5 33.
g3 Qf6 34. Kg1 Bh7 35. h4 1/2-1/2

[Event "9th Aeroflot Open A"]
[Site "Moscow RUS"]
[Date "2010.02.09"]
[Round "1"]
[White "Bocharov,D"]
[Black "Zhigalko,S"]
[Result "1/2-1/2"]
[WhiteElo "2594"]
[BlackElo "2668"]
[EventDate "2010.02.09"]

1. d4 d5 2. c4 e6 3. Nf3 c6 4. Nbd2 f5 5. g3 Nd7 6. Bg2 Bd6 7. O-O Ngf6 8.
Ne1 O-O 9. Nd3 Ne4 10. Qc2 Qe7 11. f3 Nxd2 12. Bxd2 c5 13. e4 dxc4 14. Qxc4
Nb6 15. Qc2 c4 16. Ne5 Bxe5 17. dxe5 Qc5+ 18. Kh1 Bd7 19. exf5 Rxf5 20. f4
Bc6 21. Rae1 Bxg2+ 22. Kxg2 Nd5 23. Qe4 Qc6 24. Rf3 Raf8 25. h4 h5 26. Kh3
Rd8 27. Rf2 g6 28. Rg2 Kh7 29. Kh2 Rd7 30. Ree2 a6 31. a3 b5 32. Ba5 Ne7
33. Bb4 Qxe4 34. Rxe4 Nd5 35. Rd2 Rff7 36. Bd6 Rd8 37. Kg2 Rfd7 38. Kf3 Kg8
39. b3 cxb3 40. Rb2 Nb6 41. Rxb3 Nc4 42. Rd4 Kf7 43. Rbd3 a5 44. a4 Nxd6
45. axb5 Rb7 46. Rxd6 Rxd6 47. exd6 Ke8 48. Rb3 Kd7 49. Ke4 Kxd6 1/2-1/2

[Event "9th Aeroflot Open A"]
[Site "Moscow RUS"]
[Date "2010.02.09"]
[Round "1"]
[White "Najer,E"]
[Black "Safarli,E"]
[Result "1-0"]
[WhiteElo "2665"]
[BlackElo "2594"]
[EventDate "2010.02.09"]

1. d4 Nf6 2. c4 g6 3. Nc3 d5 4. cxd5 Nxd5 5. e4 Nxc3 6. bxc3 Bg7 7. Bc4 c5
8. Ne2 Nc6 9. Be3 O-O 10. O-O Na5 11. Bd3 b6 12. Qd2 e5 13. Bh6 exd4 14.
Bxg7 Kxg7 15. cxd4 cxd4 16. f4 f6 17. f5 Bd7 18. Nf4 Nc6 19. Bb5 Ne5 20.
Qxd4 g5 21. Ne6+ Bxe6 22. Qxd8 Rfxd8 23. fxe6 Ng6 24. Rac1 Rac8 25. e5 fxe5
26. Rf7+ Kg8 27. Rxc8 Rxc8 28. Rxa7 Kf8 29. Rxh7 e4 30. Bd7 Kg8 31. Rf7 Rf8
32. Rf2 Rf4 33. g3 e3 34. Rxf4 gxf4 35. gxf4 Kg7 36. Kf1 Kf6 37. Ke2 Nxf4+
38. Kxe3 1-0

[Event "9th Aeroflot Open A"]
[Site "Moscow RUS"]
[Date "2010.02.09"]
[Round "1"]
[White "Lopez Martinez,Josep"]
[Black "Cheparinov,I"]
[Result "0-1"]
[WhiteElo "2593"]
[BlackElo "2660"]
[EventDate "2010.02.09"]

1. d4 Nf6 2. c4 e6 3. Nc3 Bb4 4. e3 O-O 5. Nge2 d5 6. cxd5 exd5 7. g3 Re8
8. Bg2 a5 9. O-O Na6 10. f3 h6 11. g4 c6 12. h3 Nc7 13. e4 dxe4 14. fxe4 c5
15. d5 c4 16. g5 Bc5+ 17. Kh1 hxg5 18. Bxg5 Ra6 19. Ng3 Re5 20. Qd2 Qe8 21.
Bxf6 gxf6 22. a4 Rg5 23. Nf5 Qe5 24. Qf4 Qxf4 25. Rxf4 Rb6 26. Rb1 Ne8 27.
Bf3 Bxf5 28. exf5 Nd6 29. Bg4 Be3 30. Rff1 Kh7 31. Rfd1 Rg8 32. Nb5 Nxb5
33. axb5 Rxb5 34. d6 Rd8 35. Bf3 b6 36. Kg2 Bf4 37. Rd4 Be5 38. Rxc4 Rxd6
39. Rc2 Rb3 40. Be4 a4 41. Ra1 Rb4 42. Re1 Rxb2 43. Rxb2 Bxb2 44. Bb1 Be5
45. Kf3 b5 46. Ba2 b4 47. Bxf7 b3 48. Ke3 Rb6 49. Rd1 a3 50. Rd7 Kh8 51.
Rd8+ Kg7 52. Rd7 Kf8 53. Bg6 a2 54. Rf7+ Kg8 55. Re7 Rb8 0-1

[Event "9th Aeroflot Open A"]
[Site "Moscow RUS"]
[Date "2010.02.09"]
[Round "1"]
[White "Vescovi,G"]
[Black "Maletin,P"]
[Result "1-0"]
[WhiteElo "2660"]
[BlackElo "2591"]
[EventDate "2010.02.09"]

1. d4 Nf6 2. c4 e6 3. Nf3 d5 4. Nc3 c6 5. e3 Nbd7 6. Qc2 Bd6 7. Bd3 O-O 8.
O-O dxc4 9. Bxc4 a6 10. Rd1 b5 11. Bf1 Qc7 12. e4 e5 13. Ne2 Re8 14. dxe5
Nxe5 15. Nxe5 Bxe5 16. g3 Bb7 17. Bg2 Rad8 18. Rxd8 Rxd8 19. a4 Qd6 20. Bf4
Ng4 21. h3 Bxf4 22. gxf4 Nh6 23. e5 Qe7 24. Ng3 c5 25. Bxb7 Qxb7 26. axb5
Qxb5 27. f5 Re8 28. Re1 c4 29. Qd2 f6 30. exf6 Rxe1+ 31. Qxe1 gxf6 32. Qe6+
Kf8 33. Qxf6+ Nf7 34. Qd4 a5 35. f6 Qe5 36. Qxc4 Qxf6 37. Qc8+ Qd8 38. Qc5+
Kg8 39. Nf5 a4 40. Ne7+ Kg7 41. Nf5+ Kf6 42. Ne3 Qd7 43. Qc3+ Kg6 44. Ng4
Qf5 45. Qg3 Ng5 46. Kh2 Ne4 47. Qb8 Qe6 48. Qf4 Kg7 49. Qc7+ Kg6 50. Qc2
Kg5 51. Qxa4 Kh4 52. Qd4 Qf5 53. Kg2 Qg6 54. f3 Ng5 55. Ne5+ Ne4+ 56. Nxg6+
1-0

[Event "9th Aeroflot Open A"]
[Site "Moscow RUS"]
[Date "2010.02.09"]
[Round "1"]
[White "Rakhmanov,Ale"]
[Black "Nepomniachtchi,I"]
[Result "1-0"]
[WhiteElo "2591"]
[BlackElo "2658"]
[EventDate "2010.02.09"]

1. d4 Nf6 2. c4 c5 3. d5 b5 4. cxb5 a6 5. b6 e6 6. Nc3 exd5 7. Nxd5 Nxd5 8.
Qxd5 Nc6 9. e4 Be7 10. Bc4 O-O 11. Nf3 Rb8 12. Bd2 Rxb6 13. Bc3 Nb4 14. Qd2
Bb7 15. O-O-O Bxe4 16. Qxd7 Bg5+ 17. Nxg5 Qxg5+ 18. Rd2 Bg6 19. Re1 Rbb8
20. g3 Qh5 21. a3 Rbc8 22. f4 Qf3 23. Qd6 Rce8 24. Rxe8 Rxe8 25. axb4 cxb4
26. Qe5 Qh1+ 27. Rd1 Rxe5 28. Bxe5 1-0

[Event "9th Aeroflot Open A"]
[Site "Moscow RUS"]
[Date "2010.02.09"]
[Round "1"]
[White "Efimenko,Z"]
[Black "Hou Yifan"]
[Result "1-0"]
[WhiteElo "2657"]
[BlackElo "2590"]
[EventDate "2010.02.09"]

1. e4 e6 2. d4 d5 3. Nd2 c5 4. Ngf3 cxd4 5. Nxd4 Nc6 6. Bb5 Bd7 7. Nxc6
Bxc6 8. Bxc6+ bxc6 9. c4 dxe4 10. Nxe4 Qxd1+ 11. Kxd1 Nf6 12. Nxf6+ gxf6
13. Be3 Rg8 14. g3 c5 15. Kc2 Kd7 16. a3 Kc6 17. b4 cxb4 18. axb4 Bxb4 19.
Ra6+ Kc7 20. Rha1 Rgb8 21. Bf4+ e5 22. Be3 Rb7 23. g4 Kd7 24. Kd3 Rc8 25.
Rxa7 Rxa7 26. Rxa7+ Ke6 27. Ra6+ Ke7 28. f3 Bc5 29. Bh6 Rd8+ 30. Kc2 Rg8
31. Rc6 Bd4 32. Bc1 Ra8 33. Kd3 Ra1 34. Bd2 Rd1 35. h4 Rh1 36. Bb4+ Ke8 37.
Rc8+ Kd7 38. Rf8 Rxh4 39. Rxf7+ Ke8 40. Rxf6 Rh1 41. Ke4 h5 42. g5 Rg1 43.
g6 Bb2 44. c5 Ke7 45. Kf5 e4 46. c6+ Kd8 47. Ba5+ Ke7 48. Re6+ Kf8 49. Bb4+
1-0

[Event "9th Aeroflot Open A"]
[Site "Moscow RUS"]
[Date "2010.02.09"]
[Round "1"]
[White "Ghaem Maghami,E"]
[Black "So,W"]
[Result "1/2-1/2"]
[WhiteElo "2589"]
[BlackElo "2656"]
[EventDate "2010.02.09"]

1. c4 c6 2. e4 d5 3. exd5 cxd5 4. d4 Nf6 5. Nc3 Nc6 6. Bf4 e6 7. c5 Be7 8.
Bb5 O-O 9. Nf3 Ne4 10. O-O Nxc3 11. bxc3 Bd7 12. Bd3 b6 13. cxb6 axb6 14.
Qc2 h6 15. Qd2 Bc8 16. Rfe1 g5 17. Ne5 Nxe5 18. Bxe5 f6 19. Bg3 Bd6 20. c4
Bxg3 21. hxg3 Kg7 22. cxd5 Qxd5 23. Be4 Qa5 24. Qb2 Ra7 25. Re3 Bd7 1/2-1/2

[Event "9th Aeroflot Open A"]
[Site "Moscow RUS"]
[Date "2010.02.09"]
[Round "1"]
[White "Melkumyan,H"]
[Black "Sasikiran,K"]
[Result "1/2-1/2"]
[WhiteElo "2583"]
[BlackElo "2653"]
[EventDate "2010.02.09"]

1. d4 Nf6 2. c4 g6 3. Nc3 d5 4. cxd5 Nxd5 5. e4 Nxc3 6. bxc3 Bg7 7. Be3 c5
8. Rc1 Qa5 9. Qd2 O-O 10. Nf3 Rd8 11. d5 e6 12. Bg5 f6 13. c4 Nc6 14. Qxa5
Nxa5 15. Bd2 b6 16. Bd3 Nb7 17. O-O Bd7 18. Rfe1 Re8 19. Bc3 Rad8 20. e5
fxe5 21. Nxe5 exd5 22. cxd5 Nd6 23. f4 Ba4 24. Ba1 Rc8 25. g3 Rc7 26. Bf1
b5 27. Bc3 Rce7 28. Bh3 b4 29. Bd2 Nb7 30. Be6+ Rxe6 31. dxe6 Rxe6 32. Be3
Bf8 33. g4 g5 34. Nd3 gxf4 35. Nxf4 Re4 36. h3 a5 37. Nd5 Bg7 38. Bg5 Bd4+
39. Kh2 Be5+ 40. Kg2 Rxe1 41. Rxe1 Bd6 42. Ne7+ Kf7 43. Nf5 Bc6+ 44. Kf2
Bf8 45. Be7 Bd5 46. Bxf8 Kxf8 47. Re7 Nd6 48. Rd7 Ne4+ 49. Ke3 Nc3 50. Kf4
a4 51. Ke5 Bxa2 52. Rxh7 a3 53. g5 Bb1 54. g6 Bxf5 55. Kxf5 b3 56. Rh8+ Ke7
57. g7 b2 58. g8=Q b1=Q+ 59. Kg4 Qe4+ 60. Kh5 Qf3+ 61. Qg4 Qf7+ 62. Qg6
Qf3+ 63. Kh6 Qf4+ 64. Qg5+ Qxg5+ 65. Kxg5 c4 66. Kf4 Nd5+ 67. Ke4 c3 68.
Rh7+ Ke6 69. Kd3 a2 70. Ra7 Nf4+ 71. Kxc3 Nxh3 1/2-1/2

[Event "9th Aeroflot Open A"]
[Site "Moscow RUS"]
[Date "2010.02.09"]
[Round "1"]
[White "Timofeev,Arty"]
[Black "Feller,S"]
[Result "1-0"]
[WhiteElo "2652"]
[BlackElo "2579"]
[EventDate "2010.02.09"]

1. d4 d5 2. c4 e6 3. Nc3 c6 4. e3 Nf6 5. Nf3 Nbd7 6. Bd3 dxc4 7. Bxc4 b5 8.
Bd3 a6 9. e4 c5 10. d5 c4 11. Bc2 Bb7 12. O-O Bc5 13. b3 Qa5 14. Qe1 Rc8
15. Rb1 cxb3 16. Rxb3 O-O 17. Bd2 Qc7 18. dxe6 fxe6 19. Nd1 Ng4 20. h3 Nge5
21. Nxe5 Nxe5 22. Be3 Bd6 23. Bb1 Nc4 24. Bd4 Rcd8 25. Rd3 e5 26. Bc3 Na3
27. Ba5 Qb8 28. Bxd8 Rxd8 29. Nc3 b4 30. Nd5 a5 31. Rg3 Bc5 32. Qd1 Qd6 33.
Bd3 g6 34. Kh1 Kg7 35. f4 Bxd5 36. exd5 exf4 37. Qa1+ Kg8 38. Rg4 Be3 39.
Bf5 Qxd5 40. Bxg6 Qd4 41. Bc2+ Kf8 42. Rgxf4+ Bxf4 43. Qc1 Kg7 44. Rxf4 Qc5
45. Rf7+ 1-0

[Event "9th Aeroflot Open A"]
[Site "Moscow RUS"]
[Date "2010.02.09"]
[Round "1"]
[White "Svetushkin,D"]
[Black "Dreev,A"]
[Result "1/2-1/2"]
[WhiteElo "2573"]
[BlackElo "2650"]
[EventDate "2010.02.09"]

1. e4 c5 2. Nf3 Nc6 3. Bb5 d6 4. O-O Bd7 5. Re1 Nf6 6. c3 a6 7. Ba4 b5 8.
Bc2 Bg4 9. d3 e6 10. Nbd2 Be7 11. h3 Bh5 12. Nf1 d5 13. Ng3 Bg6 14. Nh4 Qc7
15. exd5 Nxd5 16. Nxg6 hxg6 17. Ne4 Rd8 18. Bd2 O-O 19. Qf3 Rd7 20. h4 Rfd8
21. h5 gxh5 22. Qxh5 Nf4 23. Bxf4 Qxf4 24. Re3 Rd5 25. Qh1 Ne5 26. Rh3 f5
27. Ng3 Kf7 28. Rh7 Qg5 29. Qh5+ Qxh5 30. Nxh5 Nxd3 31. Rxg7+ Kf8 32. Rh7
c4 33. Rh8+ Kf7 34. Rh7+ Kf8 35. Rh8+ Kf7 36. Rh7+ Kf8 37. Bxd3 Rxd3 38.
Re1 Rd1 39. Kf1 Bg5 40. f4 Bh4 41. g3 Rxe1+ 42. Kxe1 Be7 43. Rh8+ Kf7 44.
Rh7+ Kf8 45. Rh8+ Kf7 46. Rh7+ 1/2-1/2

[Event "9th Aeroflot Open A"]
[Site "Moscow RUS"]
[Date "2010.02.09"]
[Round "1"]
[White "Korobov,A"]
[Black "Yudin,S"]
[Result "1/2-1/2"]
[WhiteElo "2648"]
[BlackElo "2573"]
[EventDate "2010.02.09"]

1. d4 d5 2. c4 dxc4 3. e4 Nf6 4. e5 Nd5 5. Bxc4 Nb6 6. Bb3 Nc6 7. Ne2 Bf5
8. O-O e6 9. Nbc3 Qd7 10. Be3 O-O-O 11. Rc1 f6 12. exf6 gxf6 13. Na4 Rg8
14. Nc5 Bxc5 15. Rxc5 Be4 16. f3 Bd5 17. Kh1 Qg7 18. Rg1 e5 19. dxe5 Bxb3
20. Qxb3 fxe5 21. a4 Qg6 22. Ng3 Qd3 23. Rc3 Qd5 24. Qc2 Kb8 25. Ne4 Nd4
26. Qf2 Qe6 27. a5 Nd5 28. Rc5 Nf4 29. Bxf4 exf4 30. Qh4 b6 31. axb6 axb6
32. Rh5 Qc4 33. Qf2 Qf7 34. Rh4 h5 35. Qf1 Kb7 36. Qb1 Qg6 37. Nc3 Qxb1 38.
Rxb1 Ne6 39. Ne4 Rh8 40. Re1 Rdf8 41. Nd6+ cxd6 42. Rxe6 Rf5 43. Rxd6 Rc8
44. g4 fxg3 45. Rb4 Rc6 46. Rxc6 1/2-1/2

[Event "9th Aeroflot Open A"]
[Site "Moscow RUS"]
[Date "2010.02.09"]
[Round "1"]
[White "Ragger,M"]
[Black "Le Quang Liem"]
[Result "0-1"]
[WhiteElo "2568"]
[BlackElo "2647"]
[EventDate "2010.02.09"]

1. Nf3 Nf6 2. c4 c5 3. Nc3 Nc6 4. g3 g6 5. Bg2 d6 6. O-O Bg7 7. d4 cxd4 8.
Nxd4 Bd7 9. Nb3 a5 10. c5 a4 11. Nd2 dxc5 12. Nxa4 Qa5 13. b3 Be6 14. Bb2
O-O 15. Qc1 Rac8 16. Qc3 Qb5 17. e3 Nb4 18. Nc4 Nh5 19. Qd2 Bxc4 20. Bxg7
Rfd8 21. Qc3 Bxf1 22. Bxf1 Qc6 23. Bh6 Qf6 24. Qxf6 Nxf6 25. a3 Nd3 26. Be2
b5 27. Nc3 b4 28. axb4 cxb4 29. Nb5 Rc1+ 30. Rxc1 Nxc1 31. Bc4 Ng4 32. Bg5
Rd1+ 33. Kg2 Rd2 0-1

[Event "9th Aeroflot Open A"]
[Site "Moscow RUS"]
[Date "2010.02.09"]
[Round "1"]
[White "Pashikian,A"]
[Black "Vazquez Igarza,R"]
[Result "1-0"]
[WhiteElo "2647"]
[BlackElo "2560"]
[EventDate "2010.02.09"]

1. d4 d5 2. c4 c6 3. Nc3 Nf6 4. e3 g6 5. Nf3 Bg7 6. Be2 O-O 7. O-O Be6 8.
b3 Bg4 9. h3 Bxf3 10. Bxf3 e6 11. Bb2 Nbd7 12. Rc1 Re8 13. Rc2 Qe7 14. Qc1
dxc4 15. Ba3 Qd8 16. bxc4 e5 17. Rd1 exd4 18. exd4 Qa5 19. Bd6 Nb6 20. c5
Nbd5 21. Qb2 b6 22. Nxd5 cxd5 23. c6 Ne4 24. Be5 Ng5 25. Be2 Ne6 26. Bg4
Rac8 27. Bxg7 Kxg7 28. Qb3 h5 29. Bf3 Nc7 30. Kh2 Re6 31. Rc3 Rd8 32. Rdc1
Rdd6 33. Qb2 b5 34. Rc5 Qb6 35. Qc2 a5 36. Qc3 Kg8 37. Kg1 Re8 38. Qd3 Ree6
39. Qc2 Kg7 40. Qc3 Kg8 41. h4 Qa6 42. g3 Kg7 43. Bg2 Re2 44. Bf1 Ree6 45.
a4 b4 46. Bxa6 bxc3 47. Bb5 Re4 48. Rd1 Rd8 49. Rxc3 Kf6 50. Bf1 Rb8 51.
Rc5 Rb4 52. Rxa5 Ke7 53. Ra7 Kd6 54. a5 Rexd4 55. Rc1 Ra4 56. a6 Rdc4 57.
Bxc4 dxc4 58. Kg2 Kxc6 59. Kf3 Kb6 60. Rb7+ Kc6 61. Ra7 Kb6 62. Rb7+ Kc6
63. Rb8 Nxa6 64. Rf8 Nc5 65. Rxf7 Nd3 66. Rf6+ Kc5 67. Rd1 Kb4 68. Rxd3
cxd3 69. Rf4+ Kb3 70. Rxa4 Kxa4 71. Ke3 Kb4 72. Kxd3 Kc5 73. Ke4 Kd6 74.
Kf4 Ke6 75. Kg5 Kf7 76. f4 1-0

[Event "9th Aeroflot Open A"]
[Site "Moscow RUS"]
[Date "2010.02.09"]
[Round "1"]
[White "Predojevic,B"]
[Black "Grigoriants,S RUS"]
[Result "1/2-1/2"]
[WhiteElo "2642"]
[BlackElo "2560"]
[EventDate "2010.02.09"]

1. e4 c5 2. Nf3 e6 3. d4 cxd4 4. Nxd4 a6 5. Bd3 Bc5 6. Nb3 Be7 7. O-O d6 8.
c4 Nf6 9. Nc3 b6 10. Re1 Bb7 11. Bf4 O-O 12. Bf1 Nc6 13. Rc1 Rc8 14. a3 Ne5
15. Nd2 Qc7 16. b4 Qb8 17. Bg3 Nfd7 18. h4 Rfe8 19. f4 Nc6 20. Bf2 Ba8 21.
Nb3 Rc7 22. Rc2 Nf6 23. Rd2 1/2-1/2

[Event "9th Aeroflot Open A"]
[Site "Moscow RUS"]
[Date "2010.02.09"]
[Round "1"]
[White "Laylo,D"]
[Black "Mamedov,Rau"]
[Result "0-1"]
[WhiteElo "2556"]
[BlackElo "2640"]
[EventDate "2010.02.09"]

1. d4 g6 2. c4 Bg7 3. Nc3 d6 4. e4 e5 5. dxe5 Bxe5 6. Nf3 Bg7 7. Bg5 Bf6 8.
Be3 Nd7 9. Qd2 Bg7 10. O-O-O Ngf6 11. c5 Ng4 12. cxd6 Nxe3 13. Qxe3 cxd6
14. Nb5 O-O 15. Nxd6 Ne5 16. Nxe5 Bxe5 17. Nc4 Qc7 18. Kb1 Bg7 19. Be2 Be6
20. Na3 Rfc8 21. Rd2 Qa5 22. Rhd1 b5 23. Qg5 Rab8 24. Rd6 h6 25. Qd2 b4 26.
Rxe6 bxa3 27. Ra6 0-1

[Event "9th Aeroflot Open A"]
[Site "Moscow RUS"]
[Date "2010.02.09"]
[Round "1"]
[White "Savchenko,B"]
[Black "Iljushin,A"]
[Result "1-0"]
[WhiteElo "2638"]
[BlackElo "2551"]
[EventDate "2010.02.09"]

1. e4 c5 2. Nf3 Nc6 3. Nc3 d6 4. d4 cxd4 5. Nxd4 Nf6 6. Bg5 Bd7 7. Qd2 Rc8
8. O-O-O Nxd4 9. Qxd4 Qa5 10. f4 Rxc3 11. bxc3 e5 12. Qc4 d5 13. exd5 Ba3+
14. Kd2 Nxd5 15. Rb1 O-O 16. Bd3 exf4 17. Rxb7 Rc8 18. Rb5 Qxb5 19. Qxc8+
Bxc8 20. Bxb5 h6 21. c4 Bb4+ 22. Kd3 Bf5+ 23. Kd4 Nc7 24. Bxf4 Ne6+ 25. Ke5
Bxc2 26. Be3 a5 27. c5 Kf8 28. Rc1 Bg6 29. Kd6 Be4 30. g3 g5 31. Rc4 Bb1
32. Rxb4 axb4 33. Bc4 Ng7 34. Bd2 Nf5+ 35. Kc7 Nd4 36. Bxb4 Be4 37. a4 Ke8
1-0

[Event "9th Aeroflot Open A"]
[Site "Moscow RUS"]
[Date "2010.02.09"]
[Round "1"]
[White "Papin,V"]
[Black "Kobalia,M"]
[Result "1/2-1/2"]
[WhiteElo "2548"]
[BlackElo "2637"]
[EventDate "2010.02.09"]

1. d4 d5 2. c4 c6 3. Nf3 Nf6 4. Nc3 e6 5. Bg5 h6 6. Bh4 dxc4 7. e4 g5 8.
Bg3 b5 9. Be2 Bb7 10. O-O Nbd7 11. Ne5 h5 12. Nxd7 Qxd7 13. Be5 Rh6 14. Qc1
Rg6 15. Bxf6 Rxf6 16. Qxg5 Rg6 17. Qe3 O-O-O 18. Rad1 h4 19. Bf3 Bh6 20.
Qe2 f5 21. d5 exd5 22. exd5 Rd6 23. dxc6 Bxc6 24. Rxd6 Qxd6 25. Rd1 Qf6 26.
Rxd8+ Kxd8 27. Bxc6 Qxc6 28. Qe5 a6 29. Nd5 Bc1 30. Qe7+ Kc8 31. Qf8+ Kb7
32. Qf7+ Kb8 33. Qf8+ Kb7 34. Qg7+ Ka8 35. Qf8+ 1/2-1/2

[Event "9th Aeroflot Open A"]
[Site "Moscow RUS"]
[Date "2010.02.09"]
[Round "1"]
[White "Amonatov,F"]
[Black "Kosintseva,N"]
[Result "0-1"]
[WhiteElo "2634"]
[BlackElo "2533"]
[EventDate "2010.02.09"]

1. e4 e5 2. Nf3 Nc6 3. d4 exd4 4. Nxd4 Bc5 5. Be3 Qf6 6. c3 Nge7 7. Bc4 Ne5
8. Bb3 Qg6 9. O-O d5 10. Bf4 Bg4 11. Qc2 f6 12. Ba4+ c6 13. Nd2 O-O 14. f3
Bd7 15. Rae1 Rfe8 16. Kh1 Rad8 17. Qb1 Qf7 18. Bc2 N5g6 19. Bc7 Rc8 20. Bg3
Bb6 21. exd5 cxd5 22. Bb3 Bxd4 23. cxd4 Nf5 24. Bf2 Nf4 25. g4 Rxe1 26.
Rxe1 Nh3 27. gxf5 Nxf2+ 28. Kg2 Nh3 29. Kxh3 Qh5+ 30. Kg2 Qg5+ 31. Kh1 Qxd2
32. Qe4 Kh8 33. Qe7 Bc6 34. Qe6 Rg8 35. Rd1 Qxb2 36. Bxd5 Re8 37. Qf7 Qe2
38. Rc1 h6 39. h3 Bxd5 40. Qxd5 Qf2 41. Rg1 Re2 42. Qd8+ Kh7 43. Rxg7+ Kxg7
44. Qc7+ Kf8 45. Qd8+ Kf7 46. Qd5+ Ke7 47. Qc5+ Ke8 48. Qc8+ Kf7 49. Qc4+
Kf8 0-1

[Event "9th Aeroflot Open A"]
[Site "Moscow RUS"]
[Date "2010.02.09"]
[Round "1"]
[White "Ajrapetjan,Y"]
[Black "Zhou Jianchao"]
[Result "1/2-1/2"]
[WhiteElo "2525"]
[BlackElo "2632"]
[EventDate "2010.02.09"]

1. d4 Nf6 2. c4 g6 3. Nc3 d5 4. Nf3 Bg7 5. Bg5 Ne4 6. cxd5 Nxg5 7. Nxg5 e6
8. Qd2 h6 9. Nh3 exd5 10. Qe3+ Kf8 11. Nf4 c5 12. dxc5 d4 13. Qd2 Na6 14.
e3 Nxc5 15. O-O-O Bf5 16. exd4 Ne4 17. Nxe4 Bxe4 18. Bd3 Qxd4 19. Rhe1 Bc6
20. Be4 Qc4+ 21. Qc2 Qxa2 22. Bxc6 Qa1+ 23. Kd2 Qa5+ 24. Ke2 Qa6+ 25. Kf3
Qxc6+ 26. Qxc6 bxc6 27. Rd7 Bf6 28. Rb7 Bg5 29. Rc1 Bxf4 30. Ke4 1/2-1/2

[Event "9th Aeroflot Open A"]
[Site "Moscow RUS"]
[Date "2010.02.09"]
[Round "1"]
[White "Tregubov,P"]
[Black "Danin,A"]
[Result "1/2-1/2"]
[WhiteElo "2628"]
[BlackElo "2519"]
[EventDate "2010.02.09"]

1. d4 Nf6 2. c4 g6 3. Nc3 d5 4. cxd5 Nxd5 5. Bd2 Bg7 6. e4 Nb6 7. Be3 O-O
8. h3 e5 9. Nf3 exd4 10. Bxd4 Qe7 11. Bxg7 Kxg7 12. Qd4+ f6 13. O-O-O Nc6
14. Qe3 Be6 15. Bb5 Nb4 16. Kb1 a6 17. Be2 c5 18. h4 h5 19. Rd2 Rad8 20.
Rhd1 Nc6 21. Rxd8 Rxd8 22. Rxd8 Nxd8 23. e5 Bf5+ 24. Kc1 Nf7 25. exf6+ Kxf6
26. Qxe7+ Kxe7 27. Kd2 Nd6 28. b3 Ne4+ 29. Nxe4 Bxe4 30. Bd3 Bxd3 31. Kxd3
Nd5 32. Kc4 Kd6 33. a4 b5+ 34. axb5 Nb6+ 35. Kd3 axb5 36. Ke4 c4 37. bxc4
Nxc4 38. Nd4 b4 39. f3 Na5 40. g4 b3 41. Nxb3 1/2-1/2